US states that start with M - Statistics

General Stats
  • This quiz has been taken 30 times
  • The average score is 7 of 8
Answer Stats
Answer % Correct
Minnesota
100%
Montana
95%
Missouri
90%
Maine
86%
Massachusetts
86%
Michigan
86%
Mississippi
86%
Maryland
81%
No matching quizzes found
Score Distribution
Percent of People with Each Score
Percentile by Number Answered
Your Score History
You have not taken this quiz